Airliners of Singapore Airlines - Statistics

General Stats
  • This quiz has been taken 93 times
  • The average score is 5 of 7
Answer Stats
Answer % Correct
Airbus A380-800
93%
Airbus A350-900
82%
Boeing 777-300ER
76%
Boeing 737-800
69%
Boeing 787-10
69%
Boeing 737 MAX 8
54%
Boeing 747-400
27%
No matching quizzes found
Score Distribution
Percent of People with Each Score
Percentile by Number Answered
Your Score History
You have not taken this quiz